Statistics for Famous people that hate Trump

Click here to take the quiz!

General Stats

  • This quiz has been taken 4 times
    (3 since last reset)
  • The average score is 20 of 71

Answer Stats

HintCeleberity% Correct
Former presidentBarack Obama
100%
Former first ladyMichelle Obama
100%
ActorBill Clinton
67%
CEO of MicrosoftBill Gates
67%
Talk show hostEllen DeGeneres
67%
PoliticianHillary Clinton
67%
Talk show hostJimmy Fallon
67%
Talk show hostJimmy Kimmel
67%
SingerKaty Perry
67%
Basketball playerLeBron James
67%
ActorLeonardo Dicaprio
67%
Basketball playerMichael Jordan
67%
SingerMiley Cyrus
67%
SingerRihanna
67%
SingerSelena Gomez
67%
ActorWill Smith
67%
ActorAaron Paul
33%
SingerAriana Grande
33%
ActorArnold Schwarzenegger
33%
ActorBen Stiller
33%
SingerCher
33%
ActorChris Hemsworth
33%
SingerElton John
33%
SingerEminem
33%
ActorGeorge Clooney
33%
ActorHarrisson Ford
33%
ActorJaden Smith
33%
CEO of AmazonJeff Bezos
33%
Talk show hostJohn Oliver
33%
SingerKanye West
33%
ActorMark Ruffalo
33%
CEO of FacebookMark Zuckerburg
33%
ActorMatt Damon
33%
ActressMeryl Streep
33%
ActorMichael keaton
33%
SingerNicki Minaj
33%
PoliticianRand Paul
33%
ActorRobert De Niro
33%
ActorRobert Downey Jr.
33%
ActorSamuel L. Jackson
33%
ActressScarlett Johansson
33%
SingerSnoop Dogg
33%
ActressAmerica Ferrera
0%
SenatorBernie Sanders
0%
Talk show hostBill Maher
0%
SingerCamila Cabello
0%
PoliticianChris Christie
0%
PoliticianDick Cheney
0%
SingerEd Sheeran
0%
Spaceex CEOElon Musk
0%
ActressEmma Watson
0%
Talk show hostGlenn Beck
0%
ActorJack Black
0%
PoliticianJeb Bush
0%
ActressJenniffer Lawrence
0%
AuthorJ. K. Rowling
0%
Former vice presidentJoe Biden
0%
PoliticianJohn Kasich
0%
ActorJohnny Depp
0%
Talk show hostJon Stewart
0%
ActorMark Hamill
0%
ActorRicky Martin
0%
ActorRussell Brand
0%
ComedianSeth Meyers
0%
SingerShakira
0%
Talk show hostStephan Colbert
0%
ScientistStephan Hawking
0%
AuthorStephan King
0%
PoliticianTim Kaine
0%
ActorTracy Morgan
0%
Talk show hostWhoopi Goldberg
0%

Score Distribution

Percentile by Number Answered

Percent of People with Each Score

Your Score History

You have not taken this quiz since the last reset